000 00989nam a22003377a 4500
001 0005301
003 KOHA_MİRAKIL
005 20260207001440.0
007 ta
008 090611b2003 tu |||gr||||#0|||1|tur |
020 _a9754584478
040 _aTR-BiSEU
_btur
_cTR-BiSEU
_erda
041 0 _atur
044 _ctu
050 _aPL234.I44
_bY37 2003
100 1 _aİlhan, Attilâ.
245 1 _aYasak sevişmek :
_bşiir/
_cAttilâ İlhan ; Attilâ İlhan.
264 1 _aİstanbul :
_bTürkiye İş Bankası Kültür Yayınları
_c2003
300 _a118 sayfa
336 _ametin
_btxt
_2rdacontent
337 _aaracısız
_bn
_2rdamedia
338 _acilt
_bnc
_2rdacarrier
490 1 _aGenel Yayın ;
_v680.
490 1 _aEdebiyat Dizisi ;
_v274.
650 0 _aTürk edebiyatı--Şiir.
_98346
650 0 _aTurkish literature--Poetry.
_98421
830 1 _aGenel Yayın ;
_v680.
_97447
830 1 _aEdebiyat Dizisi ;
_v274.
_96281
907 _aŞiir
942 _2lcc
_cBK
999 _c5283
_d5283